00347nam a22001457a 4500003000400000008004100004020001800045082001200063100002000075245003200095250000900127260003000136300001200166650002300178OSt250125b |||||||| |||| 00| 0 eng d a9789354668333 a615 AGP aAgarwal, Gaurav aPharmacy Practice (7th sem) a2nd  aNew delhibCBS Pub.c2025 axvi,220 aPharmacy Practice